[Event "Faxe Eftermiddag-C"]
[Site "Faxe"]
[Date "2014.09.17"]
[Round "1"]
[White "Refsgaard, Kaj"]
[Black "Dam, Lis K"]
[Result "1-0"]
[WhiteElo "1413"]
[BlackElo "1183"]
[PlyCount "73"]
[EventDate "2014.09.17"]
[EventType "tourn"]
[EventRounds "5"]
[EventCountry "DEN"]
[SourceTitle "EXT 2023"]
[Source "ChessBase"]
[SourceDate "2022.10.05"]
[SourceVersion "1"]
[SourceVersionDate "2022.10.05"]
[SourceQuality "1"]

1. Nf3 d5 2. d4 Nf6 3. g3 h6 4. Bg2 Bf5 5. 0-0 e6 6. Nbd2 Bd6 7. c4 b6 8. Re1 Nc6 9. cxd5 exd5 10. Nh4 Bh7 11. e4 Nxd4 12. Qa4+ Qd7 13. Qxd4 0-0 14. e5 Bc5 15. Qc3 Rfe8 16. Nhf3 d4 17. Qc4 Nd5 18. Nb3 Bf8 19. Nfxd4 Rad8 20. Nc6 Rc8 21. Qxd5 Qxd5 22. Bxd5 a5 23. a4 Bf5 24. Bd2 Be6 25. Bxe6 Rxe6 26. Nbd4 Rg6 27. Re3 Bc5 28. Bc3 h5 29. Re4 Re8 30. Rae1 f5 31. exf6 Rxe4 32. Rxe4 Rxf6 33. Kg2 Bxd4 34. Nxd4 Kf7 35. Ne2 c6 36. Bxf6 Kxf6 37. Nd4 1-0